Stories of princes and princesse / (Record no. 7806)

MARC details
000 -LEADER
fixed length control field 01270nam a22002897a 4500
001 - CONTROL NUMBER
control field 7806
003 - CONTROL NUMBER IDENTIFIER
control field FISKH
005 - DATE AND TIME OF LATEST TRANSACTION
control field 20250811085357.0
008 - FIXED-LENGTH DATA ELEMENTS--GENERAL INFORMATION
fixed length control field 250811b cb ||||| |||| 00| 0 eng d
040 ## - CATALOGING SOURCE
Original cataloging agency FISKH
Language of cataloging eng
Transcribing agency FISKH
Modifying agency FISKH
050 ## - LIBRARY OF CONGRESS CALL NUMBER
Classification number PZ7.S611155 S
082 ## - DEWEY DECIMAL CLASSIFICATION NUMBER
Classification number 828
100 ## - MAIN ENTRY--PERSONAL NAME
Personal name Rawson, Christopher
245 ## - TITLE STATEMENT
Title Stories of princes and princesse /
Statement of responsibility, etc. Christopher Rawson ; Adapted by Lesley Sims ; Illustrated by Stephen Cartwright ; Reading consultant: Alison Kelly ; RoehamptonUniversity
250 ## - EDITION STATEMENT
Edition statement This edition first published in 2007
260 ## - PUBLICATION, DISTRIBUTION, ETC.
Place of publication, distribution, etc. London :
Name of publisher, distributor, etc. Usborne,
Date of publication, distribution, etc. 1980
300 ## - PHYSICAL DESCRIPTION
Extent 48 pages :
Other physical details color illustrations ;
Dimensions 20 cm
505 ## - FORMATTED CONTENTS NOTE
Formatted contents note G<br/>
520 ## - SUMMARY, ETC.
Summary, etc. Princes and princesses go together like sea and sand. But what if you're the world's clumsiest prince? Or the smelliest? Or you're a princess who doesn't want to get married? Then things get a little tricky. Usborne Young Reading books combine good stories with easy reading text. Series One is for readers who have just started reading alone.<br/>
521 8# - TARGET AUDIENCE NOTE
Target audience note 340<br/>
Source Lexile<br/>
521 8# - TARGET AUDIENCE NOTE
Target audience note G<br/>
Source Raz-Plus<br/>
650 ## - SUBJECT ADDED ENTRY--TOPICAL TERM
Source of heading or term Usborne
Topical term or geographic name entry element Princess
650 ## - SUBJECT ADDED ENTRY--TOPICAL TERM
Source of heading or term Beginning Level
Topical term or geographic name entry element Young reader series
700 ## - ADDED ENTRY--PERSONAL NAME
Personal name Cartwright, Stephen
Dates associated with a name illustrator
942 ## - ADDED ENTRY ELEMENTS (KOHA)
Source of classification or shelving scheme Dewey Decimal Classification
Koha item type Books
Suppress in OPAC No
Holdings
Withdrawn status Lost status Source of classification or shelving scheme Damaged status Not for loan Collection Home library Current library Shelving location Date acquired Total Checkouts Full call number Barcode Date due Date last seen Date last checked out Copy number Price effective from Koha item type
    Dewey Decimal Classification     Juvenile Fiction Footprints International School Library Network Toul Tom Poung Campus Footprints International School Library Network Toul Kork Campus TTP Primary Green Bookshelves 08/11/2025 1 RAW 828 PZ7.S611155 S 2025-4005 08/25/2025 08/11/2025 08/11/2025 1 08/11/2025 Books